Countries That Export the Most Paint - Statistics

General Stats
  • This quiz has been taken 18 times
  • The average score is 17 of 19
Answer Stats
% of World's
Exported Paint
Country % Correct
2.8% China
100%
4.2% United Kingdom
100%
10.1% United States
100%
4.2% Belgium
94%
4.8% France
94%
16.9% Germany
94%
7.9% Italy
94%
8.5% Japan
94%
5.3% Netherlands
94%
3.4% Spain
94%
2.5% Sweden
94%
1.66% Canada
88%
2.74% South Korea
88%
1.11% Turkey
88%
2.9% Poland
81%
1.3% Switzerland
81%
1.76% Austria
75%
1.19% Malaysia
50%
1.17% Singapore
50%
No matching quizzes found
Score Distribution
Percent of People with Each Score
Percentile by Number Answered
Your Score History
You have not taken this quiz